Stručný slovník vojenství
Gespeichert in:
| Format: | Buch |
|---|---|
| Sprache: | Tschechisch |
| Veröffentlicht: |
Praha
Naše vojsko
1984
|
| Schriftenreihe: | Knižnice vojenské teorie a praxe
sv. 25 |
| Tags: |
Keine Tags, Fügen Sie das erste Tag hinzu!
|
MARC
| LEADER | 00000nam a2200000 4500 | ||
|---|---|---|---|
| 001 | c114318 | ||
| 005 | 20240802094302.5 | ||
| 041 | 0 | |a cze | |
| 044 | |a CZ | ||
| 245 | 1 | 0 | |a Stručný slovník vojenství |c Oldřich Svoboda a kol. |
| 264 | 1 | |a Praha |b Naše vojsko |c 1984 | |
| 300 | |a 378 s. |e príl. | ||
| 490 | 1 | |a Knižnice vojenské teorie a praxe |v sv. 25 | |
| 830 | 0 | |a Knižnice vojenské teorie a praxe |v sv. 25 | |